Zgadnij czyja to koszulka klubowa - Statystyki

Ogólne statystyki
  • Ten quiz został rozwiązany 31 razy
  • Średni wynik to 12 z 16
Statystyki odpowiedzi
Obrazkowy Odpowiedź % Poprawnych
Juventus Turyn
96%
Arsenal
93%
Chelsea
93%
Real Madryt
93%
Ajax Amsterdam
89%
Fc Barcelona
89%
Manchester United
89%
Inter Mediolan
86%
Legia Warszawa
82%
Napoli
82%
Lechia Gdańsk
79%
Olympique Marsylia
64%
Boca Juniors
61%
As Roma
57%
Athletic Bilbao
54%
Polonia Warszawa
32%
Nie znaleziono quizów pasujących do podanych kryteriów
Rozkład punktacji
Procent ludzi z każdym wynikiem
Percentyl według liczby udzielonych odpowiedzi
Twoja historia wyników
Nie rozwiązałeś tego quizu